00442pab a2200145 454500008004000000100001800040245011700058260000900175300001400184362000800198650003700206650001200243700001500255773002600270180718b2006 xxu||||| |||| 00| 0 eng d aRao, V. Jalma aDistress mitigation of farmers: an evaluation of state government's policy response (the case of Andhra Pradesh) c2006 ap.529-40. aDec aFarmers - India - Andhra Pradesh aFarmers aNori, Usha aAsian Economic Review